| Tag |
First Indicator |
Second Indicator |
Subfields |
| LEADER |
00000cam a2200000 a 4500 |
| 001 |
in00000847821 |
| 005 |
20151019055617.0 |
| 008 |
840511s1984 mdu b f10010 eng d |
| 010 |
|
|
|a gp 84019207
|
| 035 |
|
|
|a (OCoLC)10740622
|
| 035 |
|
|
|9 AEB2011AM
|
| 040 |
|
|
|a HEW
|c HEW
|d GPO
|d UtOrBLW
|
| 043 |
|
|
|a n-us---
|
| 074 |
|
|
|a 485
|
| 086 |
0 |
|
|a HE 20.2:H 62/5
|
| 090 |
|
|
|a RA448.5.H57
|b F67 1978
|
| 111 |
2 |
|
|a Forum on the Status of Hispanic Health
|n (1st :
|d 1978 :
|c Rockville, Md.)
|
| 245 |
1 |
0 |
|a Hispanic mosaic :
|b a public health service perspective : proceedings of the 1st Annual Forum on the Status of Hispanic Health /
|c Marta Sotomayor, editor ; sponsored by the Public Health Service, Hispanic Employee Organization.
|
| 264 |
|
1 |
|a [Bethesda, Md.] :
|b The Organization,
|c 1984.
|
| 300 |
|
|
|a iii, 106 pages ;
|c 28 cm.
|
| 336 |
|
|
|a text
|b txt
|2 rdacontent
|
| 337 |
|
|
|a unmediated
|b n
|2 rdamedia
|
| 338 |
|
|
|a volume
|b nc
|2 rdacarrier
|
| 500 |
|
|
|a "In commemoration of the Hispanic Heritage Week Observance."
|
| 504 |
|
|
|a Includes bibliographies.
|
| 650 |
|
0 |
|a Hispanic Americans
|x Health and hygiene
|z United States
|x Congresses.
|
| 650 |
|
0 |
|a Hispanic Americans
|x Medical care
|z United States
|x Congresses.
|
| 700 |
1 |
|
|a Sotomayor, Marta.
|
| 710 |
1 |
|
|a United States.
|b Public Health Service.
|b Hispanic Employee Organization.
|
| 999 |
|
|
|a MARS
|
| 999 |
f |
f |
|s 4a9c2483-5cf3-3a7f-95df-13bf828be6ae
|i 4a579e69-dc7f-35fa-8020-9ae1b65bf6e7
|t 0
|
| 952 |
f |
f |
|p normal
|a Texas A&M University
|b College Station
|c Sterling C. Evans Library
|d Evans: US Documents (Annex 5th floor)
|t 0
|e HE 20.2:H 62/5
|h Superintendent of Documents classification
|i unmediated -- volume
|m A14814785716
|
| 998 |
f |
f |
|a HE 20.2:H 62/5
|t 0
|l Evans: US Documents (Annex 5th floor)
|